Biggest "A" City by State - Statistics

General Stats
  • This quiz has been taken 114 times
  • The average score is 16 of 50
Answer Stats
State City % Correct
Alaska Anchorage
91%
Georgia Atlanta
87%
Texas Austin
83%
New York Albany
79%
Oregon Albany
79%
Maryland Annapolis
79%
California Anaheim
75%
Ohio Akron
72%
Michigan Ann Arbor
70%
New Mexico Albuquerque
68%
Colorado Aurora
66%
Illinois Aurora
66%
Vermont Arlington
60%
Virginia Arlington
60%
Pennsylvania Allentown
53%
Louisiana Alexandria
45%
Alabama Auburn
40%
Maine Auburn
40%
Washington Auburn
40%
Iowa Ames
38%
Tennessee Athens
36%
New Jersey Atlantic City
36%
South Dakota Aberdeen
32%
New Hampshire Amherst
32%
North Carolina Asheville
32%
Wisconsin Appleton
30%
Indiana Anderson
28%
Kansas Arkansas City
15%
Arkansas Arkadelphia
13%
Kentucky Ashland
13%
Arizona Avondale
13%
South Carolina Aiken
8%
Montana Anaconda
8%
Minnesota Apple Valley
8%
Massachusetts Attleboro
6%
Connecticut Ansonia
4%
Delaware Arden
4%
Nevada Arden
4%
Oklahoma Ardmore
4%
Missouri Arnold
4%
North Dakota Ashley
4%
Wyoming Afton
2%
Hawaii Aiea
2%
Nebraska Alliance
2%
Idaho Ammon
2%
Florida Apopka
2%
Utah American Fork
0%
Mississippi Amory
0%
West Virginia Ansted
0%
Rhode Island Ashaway
0%
No matching quizzes found
Score Distribution
Percent of People with Each Score
Percentile by Number Answered
Your Score History
You have not taken this quiz